Statistiques concernant Devises monétaires aléatoires par pays

Cliquez ici pour prendre le quiz!

Statistiques générales

  • Ce quiz a été pris 20 fois
  • Le résultat moyen est 10 sur 20

Statistiques - réponses

PaysDevise% Correct
VenezuelaBolivar
100%
AlgérieDinar
100%
IrakDinar irakien
100%
KoweïtDinar koweïtien
100%
SerbieDinar serbe
100%
TunisieDinar tunisien
100%
Émirats arabes unisDirham émirati
100%
MarocDirham marocain
100%
ÉquateurDollar américain
100%
Etats-UnisDollar américain
100%
AustralieDollar australien
100%
BahamasDollar bahaméen
100%
BarbadeDollar barbadien
100%
CanadaDollar canadien
100%
Sainte-LucieDollar des Caraïbes orientales
100%
FidjiDollar des Fidji
100%
SalomonDollar des Salomon
100%
Trinité-et-TobagoDollar de Trinité-et-Tobago
100%
GuyanaDollar du Guyana
100%
JamaïqueDollar jamaïcain
100%
LiberiaDollar libérien
100%
Nouvelle-ZélandeDollar néo-zélandais
100%
SingapourDollar singapourien
100%
FinlandeEuro
100%
EstonieEuro
100%
EspagneEuro
100%
LuxembourgEuro
100%
MalteEuro
100%
PortugalEuro
100%
MonacoEuro
100%
ItalieEuro
100%
AllemagneEuro
100%
VaticanEuro
100%
SlovaquieEuro
100%
SénégalFranc CFA
100%
République centrafricaineFranc CFA
100%
CamerounFranc CFA
100%
Guinée équatorialeFranc CFA
100%
GabonFranc CFA
100%
NigerFranc CFA
100%
TogoFranc CFA
100%
TchadFranc CFA
100%
Burkina FasoFranc CFA
100%
Côte d'IvoireFranc CFA
100%
DjiboutiFranc Djibouti
100%
GuinéeFranc guinéen
100%
Royaume-UniLivre sterling
100%
TurquieLivre turque
100%
Bosnie-HerzégovineMark convertible
100%
TaïwanNouveau dollar de Taïwan
100%
ArgentinePeso argentin
100%
UruguayPeso uruguayen
100%
BrésilRéal
100%
ChineRenminbi
100%
Sri LankaRoupie srilankaise
100%
IsraëlShekel
100%
TanzanieShilling tanzanien
100%
KirghizistanSom
100%
JaponYen
100%
PologneZłoty
100%
ChypreEuro
75%
PalaosDollar américain
67%
NauruDollar australien
67%
BelizeDollar bélizien
67%
Saint-MarinEuro
67%
LettonieEuro
67%
CroatieEuro
67%
BéninFranc CFA
67%
RussieRouble
67%
PakistanRoupie pakistanaise
67%
AfghanistanAfghani
50%
PanamaBalboa
50%
NicaraguaCordoba d'or
50%
Timor orientalDollar américain
50%
GrenadeDollar des Caraïbes orientales
50%
Saint-Christophe-et-NiévèsDollar des Caraïbes orientales
50%
Antigua-et-BarbudaDollar des Caraïbes orientales
50%
MonténégroEuro
50%
LituanieEuro
50%
AutricheEuro
50%
IrlandeEuro
50%
AndorreEuro
50%
Guinée-BissauFranc CFA
50%
HaïtiGourde haïtienne
50%
République dominicainePeso dominicain
50%
Corée du SudWon sud-coréen
50%
LibanLivre libanaise
40%
Viêt NamĐồng
33%
ZambieKwacha zambien
33%
SoudanLivre soudanaise
33%
PhilippinesPeso philippin
33%
Arabie SaouditeRiyal saoudien
33%
Afrique du SudRand
20%
MadagascarAriary
0%
ThaïlandeBaht
0%
ÉthiopieBirr
0%
BolivieBoliviano
0%
GhanaCedi
0%
Costa RicaColón
0%
DanemarkCouronne danoise
0%
IslandeCouronne islandaise
0%
NorvègeCouronne norvégienne
0%
SuèdeCouronne suédoise
0%
République tchèqueCouronne tchèque
0%
GambieDalasi
0%
Macédoine du NordDenar
0%
BahreïnDinar bahreïni
0%
JordanieDinar jordanien
0%
LibyeDinar libyen
0%
Sao Tomé-et-PrincipeDobra
0%
SalvadorDollar américain
0%
MicronésieDollar américain
0%
Îles MarshallDollar américain
0%
KiribatiDollar australien
0%
BruneiDollar de Brunei
0%
Saint-Vincent-et-les-GrenadinesDollar des Caraïbes orientales
0%
DominiqueDollar des Caraïbes orientales
0%
SurinameDollar du Suriname
0%
NamibieDollar namibien
0%
ZimbabweDollar RTGS
0%
TuvaluDollar tuvaluan
0%
ArménieDram
0%
Cap-VertEscudo cap-verdien
0%
Pays-BasEuro
0%
SlovénieEuro
0%
FranceEuro
0%
GrèceEuro
0%
BelgiqueEuro
0%
KosovoEuro
0%
HongrieForint
0%
LiechtensteinFranc
0%
BurundiFranc burundais
0%
MaliFranc CFA
0%
Rép du CongoFranc CFA
0%
ComoresFranc comorien
0%
Rép dém du CongoFranc congolais
0%
RwandaFranc rwandais
0%
SuisseFranc suisse
0%
ParaguayGuaraní
0%
UkraineHryvnia
0%
Papouasie-Nouvelle-GuinéeKina
0%
LaosKip
0%
MalawiKwacha malawien
0%
AngolaKwanza
0%
BirmanieKyat
0%
GéorgieLari
0%
AlbanieLek
0%
HondurasLempira
0%
Sierra LeoneLeone
0%
MoldavieLeu moldave
0%
RoumanieLeu roumain
0%
BulgarieLev
0%
EswatiniLilangeni
0%
ÉgypteLivre égyptienne
0%
Soudan du SudLivre sud-soudanaise
0%
SyrieLivre syrienne
0%
LesothoLoti
0%
AzerbaïdjanManat azerbaïdjanais
0%
TurkménistanManat turkmène
0%
MozambiqueMetical
0%
NigeriaNaira
0%
ÉrythréeNakfa
0%
BhoutanNgultrum
0%
MauritanieOuguiya
0%
TongaPa'anga
0%
ChiliPeso chilien
0%
ColombiePeso colombien
0%
CubaPeso cubain
0%
MexiquePeso mexicain
0%
BotswanaPula
0%
GuatemalaQuetzal
0%
IranRial iranien
0%
OmanRial omanais
0%
YémenRial yéménite
0%
CambodgeRiel
0%
MalaisieRinggit
0%
QatarRiyal qatarien
0%
BiélorussieRouble biélorusse
0%
IndeRoupie indienne
0%
IndonésieRoupie indonésienne
0%
Île MauriceRoupie mauricienne
0%
NépalRoupie népalaise
0%
SeychellesRoupie seychelloise
0%
MaldivesRufiyaa
0%
KenyaShilling kényan
0%
OugandaShilling ougandais
0%
SomalieShilling somalien
0%
PérouSol
0%
TadjikistanSomoni
0%
OuzbékistanSum
0%
BangladeshTaka
0%
SamoaTālā
0%
KazakhstanTenge
0%
MongolieTugrik
0%
VanuatuVatu
0%
Corée du NordWon nord-coréen
0%

Distribution des résultats

Percentile par nombre de réponses

% des personnes avec chaque résultat

Votre développement - résultats

Vous n’avez pas pris ce quiz